Đào tạo nâng cao năng lực suy luận thống kê
Sơ lược về khoa học thống kê. Suy luận thống kê của sinh viên. Năng lực suy luận thống kê của sinh viên.Một số phương án dạy học phát triển năng lực suy luận thống kê cho sinh viên
Saved in:
| Main Author: | |
|---|---|
| Other Authors: | , |
| Format: | Book |
| Language: | Vietnamese |
| Published: |
H
.Chính trọ quốc gia
2014
|
| Subjects: | |
| Tags: |
Add Tag
No Tags, Be the first to tag this record!
|
| Institutions: | Mạng thư viện Đại học Đà Nẵng |
|---|
| LEADER | 01406nam a2200349 4500 | ||
|---|---|---|---|
| 001 | 000020188 | ||
| 003 | 16633 | ||
| 005 | 20150306080313.0 | ||
| 008 | 150306s2014 viesd | ||
| 020 | |c 41000 | ||
| 041 | 0 | |a vie | |
| 082 | 1 | 4 | |a 519.54 |b HO-H |
| 100 | 1 | |a Hoàng Nam Hải | |
| 245 | 1 | 0 | |a Đào tạo nâng cao năng lực suy luận thống kê |c Hoàng Nam Hải (ch.b) ; Trần Vui, Chu Trọng Thanh |
| 260 | |a H |b .Chính trọ quốc gia |c 2014 | ||
| 300 | |a 240 tr. |c 21 cm. | ||
| 504 | |a Thư mực tr.223-235 | ||
| 520 | 3 | |a Sơ lược về khoa học thống kê. Suy luận thống kê của sinh viên. Năng lực suy luận thống kê của sinh viên.Một số phương án dạy học phát triển năng lực suy luận thống kê cho sinh viên | |
| 650 | 0 | 4 | |a Suy luận thống kê |v Giáo trình |x Nâng cao năng lực |
| 653 | |a Suy luận thống kê | ||
| 700 | 1 | |a Trần Vui | |
| 700 | 1 | |a Chu Trọng Thanh | |
| OWN | |a LSP | ||
| AVA | |a UDN50 |b LSP |d 519.54 HO-H |e check_holdings |t Error 5003 Not defined in file expand_doc_bib_avail. |h N |k 1 | ||
| 999 | |a From the UDN01 | ||
| AVA | |a UDN50 |b LSP |d 519.54 HO-H |e available |t Error 5001 Not defined in file expand_doc_bib_avail. |f 100 |g 0 |h N |i 0 |k 1 | ||
| TYP | |a Monograph | ||
| TYP | |a Printed language | ||
| 980 | |a Mạng thư viện Đại học Đà Nẵng | ||